000 01071cam a2200241 4500
008 #DATE n2003 000 0 eng u
020 _a0853087997
035 _a(Sirsi) u119878
041 _aeng
050 _a692.2
_c18
100 _aBickford-Smith, S.
245 _aParty walls
250 _a2nd ed.
260 _aBristol
_bJordans
_c2003
300 _axxviii, 235p.
_c25cm.
350 _a45
520 _aProvides an authoritative explanation of the law regulating the building, maintenance and repair of party walls, and sets out the process for settling disputes between parties. The provisions of the Party Wall etc Act 1996 are analysed in depth, and the scope and procedures under it fully explained. This second edition has been fully updated and expanded to incorporate the many changes in practice and procedure since the implementation of the Act. Supersedes first edition. (ISBN 0853084017).
650 _aPARTY WALL ETC ACT 1996
650 _aParty walls
_96258
690 _aBoundary disputes
_96221
700 _aSydenham, C.
942 _n0
999 _c102424
_d102424